Daň z príjmov v účtovníctve podnikateľov Slovenskej republiky diplomová práca

Enregistré dans:
Détails bibliographiques
Auteur principal: Kunová, Eva
Collectivité auteur: Fakulta hospodárskej informatiky EU. Katedra účtovníctva a audítorstva
Autres auteurs: Baštincová, Anna
Format: Livre
Langue:slovaque
Publié: Bratislava 2012
Tags: Ajouter un tag
Pas de tags, Soyez le premier à ajouter un tag!

MARC

LEADER 00000nbm a2200000 4500
001 0154730
005 20161109102140.8
041 0 |a slo 
044 |a SK 
245 1 0 |a Daň z príjmov v účtovníctve podnikateľov Slovenskej republiky  |b diplomová práca  |c Eva Kunová ; školiteľ: Anna Baštincová 
264 1 |a Bratislava  |c 2012 
300 |a 74 s. 
100 1 |a Kunová, Eva 
700 1 |a Baštincová, Anna 
710 2 |a Fakulta hospodárskej informatiky EU. Katedra účtovníctva a audítorstva